[Event "FRA-chT2 West 0607"]
[Site "France"]
[Date "2007.03.18"]
[Round "9.3"]
[White "Bogdanov, Emil"]
[Black "Cairou, Yannick"]
[Result "1/2-1/2"]
[WhiteElo "2264"]
[BlackElo "2124"]
[PlyCount "85"]
[EventDate "2006.10.15"]
[EventType "team-tourn"]
[EventRounds "11"]
[EventCountry "FRA"]
[SourceTitle "EXT 2008"]
[Source "ChessBase"]
[SourceDate "2007.11.25"]
[SourceVersion "1"]
[SourceVersionDate "2007.11.25"]
[SourceQuality "1"]
[WhiteTeam "Le Vesinet"]
[BlackTeam "Le Mans"]
[WhiteTeamCountry "FRA"]
[BlackTeamCountry "FRA"]

1. c4 f5 2. Nc3 Nf6 3. g3 g6 4. Bg2 Bg7 5. d3 0-0 6. e3 d6 7. Nge2 Kh8 8. 0-0 e5 9. h3 Nc6 10. Rb1 a5 11. Kh2 Be6 12. Nd5 Qd7 13. Nec3 Qf7 14. f4 Ne8 15. b3 Nb4 16. a3 Na6 17. Bb2 Rd8 18. e4 c6 19. Ne3 Qc7 20. exf5 gxf5 21. Qe2 Rd7 22. Ba1 Re7 23. Qd2 Qc8 24. Ne2 b6 25. d4 e4 26. d5 Bxa1 27. Rxa1 Bd7 28. Qd4+ Rg7 29. Qxb6 Nc5 30. Rab1 a4 31. b4 Nb3 32. Rfd1 c5 33. Nc1 Rfg8 34. Nf1 Nd4 35. Rxd4 cxd4 36. Qxd4 h5 37. h4 Kh7 38. Ne2 Rg6 39. Nc3 Nf6 40. c5 Ng4+ 41. Kg1 dxc5 42. bxc5 Qd8 43. Ne2 1/2-1/2

[Event "Elancourt op"]
[Site "Elancourt"]
[Date "2006.04.23"]
[Round "9"]
[White "Radulov, Ivan"]
[Black "Bogdanov, Emil"]
[Result "1/2-1/2"]
[WhiteElo "2346"]
[BlackElo "2249"]
[PlyCount "30"]
[EventDate "2006.04.16"]
[EventType "swiss"]
[EventRounds "9"]
[EventCountry "FRA"]
[SourceTitle "CBM 111 Extra"]
[Source "ChessBase"]
[SourceDate "2006.05.09"]
[SourceVersion "1"]
[SourceVersionDate "2006.05.09"]
[SourceQuality "1"]

1. Nf3 e6 2. c4 Nf6 3. Nc3 d5 4. d4 dxc4 5. e3 a6 6. a4 c5 7. Bxc4 Nc6 8. 0-0 Be7 9. Qe2 0-0 10. Rd1 Qc7 11. b3 b6 12. Bb2 cxd4 13. Nxd4 Bb7 14. Rac1 Rfd8 15. Nf3 Rxd1+ 1/2-1/2

[Event "Elancourt op"]
[Site "Elancourt"]
[Date "2006.04.21"]
[Round "7"]
[White "Chasez, Fabien"]
[Black "Bogdanov, Emil"]
[Result "0-1"]
[WhiteElo "1977"]
[BlackElo "2249"]
[PlyCount "56"]
[EventDate "2006.04.16"]
[EventType "swiss"]
[EventRounds "9"]
[EventCountry "FRA"]
[SourceTitle "CBM 111 Extra"]
[Source "ChessBase"]
[SourceDate "2006.05.09"]
[SourceVersion "1"]
[SourceVersionDate "2006.05.09"]
[SourceQuality "1"]

1. c4 c5 2. Nf3 Nf6 3. g3 Nc6 4. d4 cxd4 5. Nxd4 e6 6. a3 Qa5+ 7. Nc3 Ne4 8. Nxc6 bxc6 9. Bd2 Qf5 10. f3 Nxd2 11. Qxd2 Be7 12. Qd3 Qa5 13. Bg2 Ba6 14. Kd2 d5 15. b4 Qc7 16. b5 dxc4 17. Qxc4 Qd7+ 18. Kc2 Bxb5 19. Nxb5 cxb5 20. Qd3 Qc6+ 21. Kb3 Rd8 22. Qe4 Qb6 23. Rac1 0-0 24. Rc6 Qa5 25. Ra1 Bf6 26. Rac1 Rd4 27. Qe3 Rd2 28. R1c2 Qa4+ 0-1

[Event "Elancourt op"]
[Site "Elancourt"]
[Date "2006.04.19"]
[Round "5"]
[White "Bogdanov, Emil"]
[Black "Costa, Pierre Jean"]
[Result "1-0"]
[WhiteElo "2249"]
[BlackElo "1860"]
[PlyCount "67"]
[EventDate "2006.04.16"]
[EventType "swiss"]
[EventRounds "9"]
[EventCountry "FRA"]
[SourceTitle "CBM 111 Extra"]
[Source "ChessBase"]
[SourceDate "2006.05.09"]
[SourceVersion "1"]
[SourceVersionDate "2006.05.09"]
[SourceQuality "1"]

1. e4 c5 2. Nf3 d6 3. c3 Nf6 4. Be2 Nc6 5. d3 e6 6. 0-0 Be7 7. Nbd2 0-0 8. d4 Qc7 9. Re1 a6 10. a3 b5 11. b4 Bb7 12. Bd3 Rad8 13. Qe2 h6 14. Nf1 Rc8 15. Ng3 cxb4 16. cxb4 Qb6 17. Be3 Qd8 18. Rad1 Kh8 19. Bb1 Qc7 20. Bc1 Rfe8 21. e5 Nd7 22. Qe4 Nf8 23. Qg4 dxe5 24. dxe5 Rcd8 25. Rxd8 Nxd8 26. Nh5 Ng6 27. Bxg6 Bxf3 28. gxf3 fxg6 29. Qxg6 Rg8 30. Qe4 Nf7 31. Nf4 Ng5 32. Ng6+ Kh7 33. Bxg5 Bxg5 34. Nf8+ 1-0

[Event "Elancourt op"]
[Site "Elancourt"]
[Date "2006.04.18"]
[Round "4"]
[White "Lebrun, Xavier"]
[Black "Bogdanov, Emil"]
[Result "1-0"]
[WhiteElo "2205"]
[BlackElo "2249"]
[PlyCount "45"]
[EventDate "2006.04.16"]
[EventType "swiss"]
[EventRounds "9"]
[EventCountry "FRA"]
[SourceTitle "CBM 111 Extra"]
[Source "ChessBase"]
[SourceDate "2006.05.09"]
[SourceVersion "1"]
[SourceVersionDate "2006.05.09"]
[SourceQuality "1"]

1. e4 c5 2. Nf3 e6 3. c3 Nf6 4. e5 Nd5 5. d4 cxd4 6. cxd4 d6 7. Nc3 Nxc3 8. bxc3 Qc7 9. Be2 Nd7 10. exd6 Bxd6 11. 0-0 0-0 12. c4 b6 13. Bb2 Bb7 14. h3 Rac8 15. Qb3 Rfe8 16. Rfe1 e5 17. c5 bxc5 18. Bc4 Re7 19. dxe5 Nxe5 20. Nxe5 Bxe5 21. Rxe5 Rxe5 22. Qg3 Rce8 23. f4 1-0

[Event "Elancourt op"]
[Site "Elancourt"]
[Date "2005.04.30"]
[Round "9"]
[White "Gerard, Nicolas"]
[Black "Bogdanov, Emil"]
[Result "1/2-1/2"]
[WhiteElo "2334"]
[BlackElo "2250"]
[PlyCount "33"]
[EventDate "2005.04.23"]
[EventType "swiss"]
[EventRounds "9"]
[EventCountry "FRA"]
[SourceTitle "CBM 105 Extra"]
[Source "ChessBase"]
[SourceDate "2005.05.01"]
[SourceVersion "1"]
[SourceVersionDate "2005.05.01"]
[SourceQuality "1"]

1. d4 Nf6 2. c4 e6 3. Nc3 Bb4 4. e3 0-0 5. Nge2 d5 6. a3 Be7 7. Ng3 Re8 8. cxd5 exd5 9. Bd3 c6 10. 0-0 Bd6 11. Nf5 Bc7 12. Qf3 Nbd7 13. Rd1 Nf8 14. e4 dxe4 15. Nxe4 Nxe4 16. Bxe4 Ng6 17. g3 1/2-1/2

[Event "Rosny sous Bois 03rd"]
[Site "Rosny sous Bois"]
[Date "2004.10.28"]
[Round "6"]
[White "Rendle, Thomas E"]
[Black "Bogdanov, Emil"]
[Result "1/2-1/2"]
[WhiteElo "2303"]
[BlackElo "2234"]
[PlyCount "20"]
[EventDate "2004.10.23"]
[EventType "tourn"]
[EventRounds "9"]
[EventCountry "FRA"]
[EventCategory "4"]
[SourceTitle "EXT 2005"]
[Source "ChessBase"]
[SourceDate "2004.11.15"]
[SourceVersion "1"]
[SourceVersionDate "2004.11.15"]
[SourceQuality "1"]

1. e4 c5 2. Nf3 e6 3. b3 a6 4. c4 Nc6 5. Bb2 Nge7 6. e5 b6 7. Bd3 Bb7 8. h4 Nb4 9. Be2 Nf5 10. d3 Be7 1/2-1/2

[Event "FRA-chT2 0304"]
[Site "France"]
[Date "2004.03.13"]
[Round "8"]
[White "Bogdanov, Emil"]
[Black "Lejarre, Ludovic"]
[Result "1-0"]
[WhiteElo "2217"]
[BlackElo "2295"]
[PlyCount "81"]
[EventDate "2003.10.??"]
[EventType "team-tourn"]
[EventRounds "11"]
[EventCountry "FRA"]
[SourceTitle "EXT 2005"]
[Source "ChessBase"]
[SourceDate "2004.11.15"]
[SourceVersion "1"]
[SourceVersionDate "2004.11.15"]
[SourceQuality "1"]

1. c4 g6 2. g3 Bg7 3. Bg2 d6 4. Nc3 Nf6 5. d3 0-0 6. e3 Bg4 7. Nge2 Qc8 8. h3 Bd7 9. e4 e5 10. Bg5 h6 11. Be3 Nc6 12. Qd2 Kh7 13. g4 Ng8 14. 0-0-0 a6 15. Nd5 Nd4 16. Nxd4 exd4 17. Bf4 b5 18. c5 dxc5 19. Bxc7 Be6 20. Bd6 Rd8 21. e5 Rb8 22. Qa5 Rxd6 23. exd6 Qf8 24. Qxa6 Ra8 25. Qxa8 Qxd6 26. Qb7 c4 27. Qb6 Qd7 28. Nf4 c3 29. Nxe6 fxe6 30. Rhe1 Qf7 31. Qxe6 Qxf2 32. Re2 Qf4+ 33. Kb1 Nf6 34. Be4 b4 35. Qb6 Nxe4 36. Rxe4 Qf2 37. Qxb4 c2+ 38. Kc1 cxd1R+ 39. Kxd1 Qf3+ 40. Kc2 Qxh3 41. a4 1-0

[Event "Rosny sous Bois 02nd"]
[Site "Rosny sous Bois"]
[Date "2003.10.30"]
[Round "6"]
[White "Bogdanov, Emil"]
[Black "Velikov, Petar"]
[Result "1/2-1/2"]
[WhiteElo "2217"]
[BlackElo "2443"]
[PlyCount "36"]
[EventDate "2003.10.25"]
[EventType "tourn"]
[EventRounds "9"]
[EventCountry "FRA"]
[EventCategory "4"]
[SourceTitle "EXT 2004"]
[Source "ChessBase"]
[SourceDate "2003.11.25"]
[SourceVersion "1"]
[SourceVersionDate "2003.11.25"]
[SourceQuality "1"]

1. Nf3 Nf6 2. c4 e6 3. Nc3 d5 4. e3 Be7 5. b3 0-0 6. Bb2 c5 7. d4 Nc6 8. Be2 cxd4 9. Nxd4 Nxd4 10. Qxd4 dxc4 11. Qxd8 Rxd8 12. Bxc4 Bd7 13. Ke2 Bc6 14. f3 a6 15. Rac1 Rac8 16. Rhd1 Kf8 17. Rxd8+ Rxd8 18. Rd1 Rxd1 1/2-1/2

[Event "Rosny sous Bois 02nd"]
[Site "Rosny sous Bois"]
[Date "2003.10.27"]
[Round "3"]
[White "Cossin, Sebastien"]
[Black "Bogdanov, Emil"]
[Result "1-0"]
[WhiteElo "2352"]
[BlackElo "2217"]
[PlyCount "51"]
[EventDate "2003.10.25"]
[EventType "tourn"]
[EventRounds "9"]
[EventCountry "FRA"]
[EventCategory "4"]
[SourceTitle "EXT 2004"]
[Source "ChessBase"]
[SourceDate "2003.11.25"]
[SourceVersion "1"]
[SourceVersionDate "2003.11.25"]
[SourceQuality "1"]

1. Nf3 c5 2. g3 g6 3. Bg2 Bg7 4. 0-0 Nc6 5. d3 e6 6. e4 Nge7 7. c3 e5 8. Be3 d6 9. a3 0-0 10. b4 b6 11. Qd2 Bb7 12. Rd1 cxb4 13. axb4 d5 14. Na3 Qd7 15. Bh6 Rfd8 16. Bxg7 Kxg7 17. b5 Na5 18. Nxe5 Qe6 19. Qf4 f6 20. Nf3 g5 21. Nd4 Qd7 22. Qe3 Kg6 23. Re1 Re8 24. f4 h6 25. e5 f5 26. fxg5 1-0

[Event "Rosny sous Bois 02nd"]
[Site "Rosny sous Bois"]
[Date "2003.10.26"]
[Round "2"]
[White "Bogdanov, Emil"]
[Black "Daurelle, Herve"]
[Result "1-0"]
[WhiteElo "2217"]
[BlackElo "2236"]
[PlyCount "87"]
[EventDate "2003.10.25"]
[EventType "tourn"]
[EventRounds "9"]
[EventCountry "FRA"]
[EventCategory "4"]
[SourceTitle "EXT 2004"]
[Source "ChessBase"]
[SourceDate "2003.11.25"]
[SourceVersion "1"]
[SourceVersionDate "2003.11.25"]
[SourceQuality "1"]

1. c4 e6 2. Nf3 d5 3. b3 Nf6 4. g3 c5 5. Bg2 Nc6 6. e3 Be7 7. 0-0 0-0 8. Qe2 b6 9. Bb2 Bb7 10. Rd1 Qc7 11. Nc3 Rad8 12. cxd5 exd5 13. d4 Rfe8 14. Rac1 Qb8 15. dxc5 Bxc5 16. Nb5 Ne4 17. Nbd4 Ne7 18. Nh4 g6 19. Rc2 a6 20. Bh3 Ng5 21. Bg4 Bc8 22. Bxc8 Rxc8 23. Qxa6 Bxd4 24. Rxc8 Qxc8 25. Qxc8 Rxc8 26. Bxd4 Rc2 27. Rf1 Ne4 28. Nf3 b5 29. a4 bxa4 30. bxa4 Ra2 31. Ra1 Rxf2 32. Ng5 Rc2 33. Nxe4 dxe4 34. a5 Nc6 35. Bf6 Na7 36. a6 Rc8 37. h4 h6 38. g4 g5 39. h5 Kf8 40. Rb1 Ke8 41. Rb7 Rc6 42. Bd4 Rxa6 43. Rxa7 Rxa7 44. Bxa7 1-0

[Event "Saint Quentin op 6th"]
[Site "Elancourt"]
[Date "2003.04.17"]
[Round "7"]
[White "Bogdanov, Emil"]
[Black "Gerard, Nicolas"]
[Result "1/2-1/2"]
[WhiteElo "2202"]
[BlackElo "2243"]
[PlyCount "30"]
[EventDate "2003.04.12"]
[EventType "swiss"]
[EventRounds "9"]
[EventCountry "FRA"]
[SourceTitle "CBM 093 Extra"]
[Source "ChessBase"]
[SourceDate "2003.05.09"]
[SourceVersion "1"]
[SourceVersionDate "2003.05.09"]
[SourceQuality "1"]

1. e4 c5 2. Nc3 Nc6 3. g3 g6 4. Bg2 Bg7 5. d3 d6 6. Be3 Rb8 7. Qd2 b5 8. Nge2 Nd4 9. 0-0 b4 10. Nd1 e5 11. c3 Nxe2+ 12. Qxe2 Ne7 13. Qd2 0-0 14. d4 bxc3 15. bxc3 exd4 1/2-1/2

[Event "FRA-chT2S 0203"]
[Site "France"]
[Date "2003.04.06"]
[Round "11.3"]
[White "Bogdanov, Emil"]
[Black "Sanchez, Louis"]
[Result "1-0"]
[WhiteElo "2242"]
[BlackElo "1590"]
[PlyCount "49"]
[EventDate "2002.10.??"]
[EventType "team-tourn"]
[EventRounds "11"]
[EventCountry "FRA"]
[SourceTitle "EXT 2004"]
[Source "ChessBase"]
[SourceDate "2003.11.25"]
[SourceVersion "1"]
[SourceVersionDate "2003.11.25"]
[SourceQuality "1"]
[WhiteTeam "Le Vesinet"]
[BlackTeam "Clichy II"]
[WhiteTeamCountry "FRA"]
[BlackTeamCountry "FRA"]

1. c4 Nf6 2. g3 g6 3. Bg2 Bg7 4. Nc3 0-0 5. d3 d6 6. e3 e5 7. Nge2 Nc6 8. 0-0 Bf5 9. h3 Qd7 10. Kh2 Rae8 11. e4 Be6 12. Nd5 Nh5 13. g4 Nf6 14. Bh6 Bxd5 15. Bxg7 Kxg7 16. cxd5 Nd8 17. f4 h6 18. Qd2 Qe7 19. f5 c6 20. Ng3 c5 21. g5 hxg5 22. Qxg5 Kh7 23. Rf3 Ng8 24. f6 Qc7 25. Nf5 1-0

[Event "FRA-chT2S 0203"]
[Site "France"]
[Date "2003.??.??"]
[Round "7.1"]
[White "Mancini, Mario"]
[Black "Bogdanov, Emil"]
[Result "1-0"]
[WhiteElo "2301"]
[BlackElo "2242"]
[PlyCount "65"]
[EventDate "2002.10.??"]
[EventType "team-tourn"]
[EventRounds "11"]
[EventCountry "FRA"]
[SourceTitle "EXT 2004"]
[Source "ChessBase"]
[SourceDate "2003.11.25"]
[SourceVersion "1"]
[SourceVersionDate "2003.11.25"]
[SourceQuality "1"]
[WhiteTeam "Lille"]
[BlackTeam "Le Vesinet"]
[WhiteTeamCountry "FRA"]
[BlackTeamCountry "FRA"]

1. d4 Nf6 2. c4 e6 3. Nc3 Bb4 4. e3 0-0 5. Bd3 c5 6. Nf3 Nc6 7. 0-0 d5 8. a3 Bxc3 9. bxc3 Qc7 10. cxd5 exd5 11. Nh4 Re8 12. f3 Bd7 13. Kh1 Rac8 14. Nf5 Ne7 15. Ng3 Qa5 16. Bd2 Ba4 17. Qe1 Qd8 18. Qb1 b6 19. Qb2 Nc6 20. Rae1 Na5 21. e4 cxd4 22. cxd4 Nc4 23. Qb4 Nxd2 24. Qxd2 dxe4 25. fxe4 Ng4 26. Qf4 Qxd4 27. Ba6 Qd7 28. Bxc8 Qxc8 29. Qxf7+ Kh8 30. Rc1 Qd8 31. Rc7 Rg8 32. h3 Ne5 33. Qe7 1-0

[Event "FRA-chT2S 0203"]
[Site "France"]
[Date "2002.11.17"]
[Round "3.1"]
[White "Saiboulatov, Danial"]
[Black "Bogdanov, Emil"]
[Result "1-0"]
[WhiteElo "2288"]
[BlackElo "2242"]
[PlyCount "65"]
[EventDate "2002.10.??"]
[EventType "team-tourn"]
[EventRounds "11"]
[EventCountry "FRA"]
[SourceTitle "EXT 2004"]
[Source "ChessBase"]
[SourceDate "2003.11.25"]
[SourceVersion "1"]
[SourceVersionDate "2003.11.25"]
[SourceQuality "1"]
[WhiteTeam "Arras"]
[BlackTeam "Le Vesinet"]
[WhiteTeamCountry "FRA"]
[BlackTeamCountry "FRA"]

1. e4 c5 2. Nf3 e6 3. d4 cxd4 4. Nxd4 a6 5. Nc3 Qc7 6. Be3 Nf6 7. a3 b5 8. Bd3 Bb7 9. 0-0 d6 10. Kh1 Nbd7 11. f4 g6 12. Qf3 Bg7 13. Rae1 0-0 14. Qh3 e5 15. Nf3 Rae8 16. fxe5 Nxe5 17. Nxe5 dxe5 18. Qh4 Re6 19. Rf3 h5 20. h3 Nh7 21. Ref1 Rd6 22. Qf2 Rf6 23. Rxf6 Nxf6 24. Bg5 Nh7 25. Be3 Nf6 26. Qh4 Nh7 27. a4 b4 28. Nd5 Bxd5 29. exd5 a5 30. Qc4 Qd7 31. Qb5 Rd8 32. Bb6 Qxb5 33. axb5 1-0